[Event "Chigorin Memorial 30th"]
[Site "St Petersburg"]
[Date "2023.10.24"]
[Round "4"]
[White "Marinskii, Yurii"]
[Black "Kurchenko, Egor"]
[Result "0-1"]
[WhiteElo "2030"]
[BlackElo "2195"]
[PlyCount "80"]
[EventDate "2023.10.21"]
[EventType "swiss"]
[EventRounds "9"]
[EventCountry "RUS"]
[SourceTitle "Mega2024 Update 01"]
[Source "Chessbase"]
[SourceDate "2023.11.12"]
[SourceVersion "1"]
[SourceVersionDate "2023.11.12"]
[SourceQuality "1"]

1. e4 d5 2. e5 c5 3. f4 Nc6 4. d3 h5 5. Be3 Qb6 6. b3 Nh6 7. Nf3 Nf5 8. Bf2 e6 9. c3 Bd7 10. Be2 Be7 11. Nbd2 d4 12. Nc4 Qa6 13. Qc2 dxc3 14. Qxc3 Rc8 15. 0-0 Ncd4 16. Bd1 Bc6 17. Nxd4 cxd4 18. Qb2 Bd5 19. Rc1 0-0 20. Bxh5 b5 21. Nd6 Rxc1 22. Rxc1 Bxd6 23. exd6 Qxd6 24. Qd2 Bb7 25. Bg4 Ne7 26. Bh4 Nd5 27. Bf3 Qxf4 28. Bg5 Qd6 29. Qf2 e5 30. Be4 f5 31. Bxd5+ Bxd5 32. Qc2 f4 33. Qc5 Qe6 34. h3 f3 35. g4 f2+ 36. Kf1 Bb7 37. Bh4 Qh6 38. Bxf2 Qxh3+ 39. Ke1 Qh1+ 40. Ke2 Qf3+ 0-1

[Event "St Petersburg Korchnoi Memorial op"]
[Site "St Petersburg"]
[Date "2023.08.21"]
[Round "5"]
[White "Tolstykh, Kirill"]
[Black "Marinskii, Yurii"]
[Result "0-1"]
[WhiteElo "1828"]
[BlackElo "2063"]
[PlyCount "102"]
[EventDate "2023.08.18"]
[EventType "swiss"]
[EventRounds "9"]
[EventCountry "RUS"]
[SourceTitle "EXT 2024"]
[Source "ChessBase"]
[SourceDate "2023.10.10"]
[SourceVersion "1"]
[SourceVersionDate "2023.10.10"]
[SourceQuality "1"]

1. d4 d5 2. c4 c6 3. Nc3 Nf6 4. e3 a6 5. Nf3 Bf5 6. cxd5 cxd5 7. Qb3 Ra7 8. Be2 e6 9. 0-0 Nbd7 10. Bd2 Bd6 11. Qa4 Ra8 12. b4 0-0 13. Qb3 Ne4 14. Rfc1 Bg4 15. Be1 Bxf3 16. Bxf3 Nxc3 17. Rxc3 b5 18. g3 Nb6 19. e4 Be7 20. exd5 exd5 21. Bd2 Nc4 22. Bf4 Bf6 23. Rd1 Qd7 24. Be5 Bg5 25. h4 Bh6 26. g4 f6 27. Bg3 Rfe8 28. Qc2 Rad8 29. Kg2 g6 30. a4 Bf8 31. axb5 axb5 32. h5 g5 33. Qb1 Ra8 34. Bh2 Ra4 35. Rb3 Rea8 36. Qd3 Ra2 37. Qf5 Qxf5 38. gxf5 Rd8 39. Rbb1 Ne3+ 40. Kg1 Nxd1 41. Rxd1 Rd7 42. Rc1 Rd2 43. Bc7 Rxd4 44. Bb6 Rxb4 45. Rc8 Rc4 46. Re8 d4 47. h6 d3 48. Kg2 g4 49. Bd1 Kf7 50. Rb8 Bxh6 51. f3 Bf4 0-1

[Event "Chigorin Memorial 28th"]
[Site "St Petersburg"]
[Date "2021.10.24"]
[Round "2"]
[White "Marinskii, Yurii"]
[Black "Khismatullin, Denis Rimovich"]
[Result "0-1"]
[WhiteElo "2142"]
[BlackElo "2606"]
[PlyCount "56"]
[EventDate "2021.10.23"]
[EventType "swiss"]
[EventRounds "9"]
[EventCountry "RUS"]
[SourceTitle "EXT 2023"]
[Source "ChessBase"]
[SourceDate "2022.10.05"]
[SourceVersion "1"]
[SourceVersionDate "2022.10.05"]
[SourceQuality "1"]

1. e4 d6 2. Nc3 e5 3. g3 Nf6 4. Bg2 Be7 5. d3 c6 6. f4 exf4 7. Bxf4 Qb6 8. Na4 Qa5+ 9. Nc3 d5 10. Bd2 dxe4 11. Nxe4 Qb6 12. Qc1 Nxe4 13. Bxe4 0-0 14. Kf1 Nd7 15. Kg2 Nf6 16. Bf3 Ng4 17. Bxg4 Bxg4 18. h3 Be6 19. Be3 c5 20. b3 Bf6 21. Rb1 Rfe8 22. Nf3 Bd5 23. c4 Bxf3+ 24. Kxf3 Qc6+ 25. Kf4 Rxe3 26. Qxe3 Bg5+ 27. Kxg5 Qh6+ 28. Kg4 Qxe3 0-1

[Event "Chigorin Memorial 28th"]
[Site "St Petersburg"]
[Date "2021.10.23"]
[Round "1"]
[White "Barkasheva, Sofia"]
[Black "Marinskii, Yurii"]
[Result "0-1"]
[WhiteElo "1605"]
[BlackElo "2142"]
[PlyCount "70"]
[EventDate "2021.10.23"]
[EventType "swiss"]
[EventRounds "9"]
[EventCountry "RUS"]
[SourceTitle "EXT 2023"]
[Source "ChessBase"]
[SourceDate "2022.10.05"]
[SourceVersion "1"]
[SourceVersionDate "2022.10.05"]
[SourceQuality "1"]

1. e4 c5 2. Nf3 d6 3. d4 cxd4 4. Nxd4 Nf6 5. Nc3 g6 6. Be3 Bg7 7. f3 0-0 8. Qd2 d5 9. e5 Ne8 10. Bh6 Nc6 11. Bxg7 Nxg7 12. f4 Nxd4 13. Qxd4 Nf5 14. Qxd5 Qb6 15. Qd2 Rd8 16. Bd3 Ne3 17. Rb1 Bf5 18. Qe2 Rac8 19. Qd2 Nxc2+ 20. Qxc2 Bxd3 21. Qf2 Bxb1 22. Qxb6 axb6 23. Ke2 Bf5 24. h3 h5 25. Rg1 h4 26. Re1 Rd3 27. Kf2 Rd2+ 28. Re2 Rxe2+ 29. Kxe2 Rc4 30. Ke3 b5 31. a3 b4 32. Nd5 bxa3 33. bxa3 Be6 34. Nb4 Rc3+ 35. Kf2 Rxa3 0-1

[Event "EU-ch rapid"]
[Site "Tallinn"]
[Date "2019.12.05"]
[Round "4"]
[White "Marinskii, Yurii"]
[Black "Timerkhanov, Alexander"]
[Result "0-1"]
[WhiteElo "2059"]
[BlackElo "2363"]
[PlyCount "82"]
[EventDate "2019.12.05"]
[EventType "swiss"]
[EventRounds "13"]
[EventCountry "EST"]
[SourceTitle "CBM 193 Extra"]
[Source "ChessBase"]
[SourceDate "2020.01.31"]
[SourceVersion "1"]
[SourceVersionDate "2020.01.31"]
[SourceQuality "1"]

1. e4 c5 2. Nc3 d6 3. g3 g6 4. Bg2 Bg7 5. d3 Nc6 6. f4 e6 7. Nf3 Nge7 8. 0-0 0-0 9. Be3 Nd4 10. e5 Nef5 11. Bf2 Nxf3+ 12. Qxf3 Nd4 13. Qd1 dxe5 14. fxe5 Bxe5 15. Ne4 f5 16. Nxc5 Qc7 17. b4 Bg7 18. c3 Nb5 19. Rc1 Nxc3 20. Qd2 Qe5 21. Rfe1 Qf6 22. Nxb7 Bxb7 23. Bxb7 Rad8 24. Bg2 a6 25. Bc5 Rf7 26. d4 Nd5 27. Qe2 f4 28. Bxd5 Rxd5 29. Rf1 f3 30. Qf2 h5 31. Rc3 Rf5 32. h4 g5 33. hxg5 Qxg5 34. Kh2 Qg4 35. Rd3 Bh6 36. Bd6 Kh7 37. Re1 h4 38. gxh4 Rh5 39. Bg3 Bf4 40. Bxf4 Rxh4+ 41. Qxh4+ Qxh4+ 0-1

[Event "EU-ch 20th"]
[Site "Skopje"]
[Date "2019.03.18"]
[Round "1"]
[White "Marinskii, Yurii"]
[Black "Sanal, Vahap"]
[Result "1/2-1/2"]
[WhiteElo "2156"]
[BlackElo "2511"]
[PlyCount "256"]
[EventDate "2019.03.18"]
[EventType "swiss"]
[EventRounds "11"]
[EventCountry "MKD"]
[SourceTitle "CBM 189"]
[Source "ChessBase"]
[SourceDate "2019.04.29"]
[SourceVersion "1"]
[SourceVersionDate "2019.04.29"]
[SourceQuality "1"]

1. e4 c5 2. Nc3 Nc6 3. g3 g6 4. Bg2 Bg7 5. d3 d6 6. f4 e6 7. Nf3 Nge7 8. 0-0 0-0 9. Be3 b6 10. Qd2 Ba6 11. Nd1 Qd7 12. Re1 Rad8 13. Rb1 Nd4 14. Bf2 Nxf3+ 15. Bxf3 f5 16. Nc3 Bb7 17. Qe2 e5 18. Be3 Nc6 19. Bg2 Nd4 20. Qd2 exf4 21. Bxf4 Rde8 22. Nd5 fxe4 23. dxe4 Nc6 24. c3 Ne5 25. Bxe5 Bxe5 26. Rf1 b5 27. a3 Bc8 28. Qg5 Kg7 29. Rxf8 Rxf8 30. Rf1 Qd8 31. Qxd8 Rxd8 32. Kf2 h5 33. Ke3 Be6 34. Nf4 Bc4 35. Rf2 Rb8 36. Bf1 Bf7 37. Nd3 Bf6 38. Kd2 a6 39. Nf4 a5 40. Nd5 Be5 41. Kc2 Be6 42. Nc7 Bd7 43. Nd5 Rh8 44. Nc7 c4 45. a4 b4 46. Bxc4 Bxa4+ 47. Kd3 bxc3 48. bxc3 Bd1 49. Rd2 Bg4 50. Be6 Bxe6 51. Nxe6+ Kf6 52. Nd4 a4 53. Ra2 Ra8 54. Kc4 Kg5 55. Nf3+ Kf6 56. Nd4 g5 57. Kb4 Re8 58. Ne2 Rb8+ 59. Kxa4 g4 60. Nd4 Rb1 61. Rf2+ Kg6 62. Re2 h4 63. gxh4 Rh1 64. Rg2 Kh5 65. Nf5 Bxh2 66. Ne3 g3 67. Rd2 Ra1+ 68. Kb5 Bg1 69. Nf5 Bf2 70. Nxg3+ Bxg3 71. c4 Rb1+ 72. Kc6 Kxh4 73. c5 dxc5 74. Kxc5 Kg4 75. Ra2 Kf4 76. Ra4 Ke5 77. Kc6 Bf2 78. Ra2 Bd4 79. Ra5+ Kxe4 80. Rb5 Rc1+ 81. Kd6 Rh1 82. Ke6 Rh6+ 83. Kd7 Be5 84. Rb4+ Kf5 85. Rb7 Rg6 86. Rb5 Rg7+ 87. Kc6 Ke6 88. Kc5 Rc7+ 89. Kb4 Kd6 90. Kb3 Bd4 91. Ra5 Bc5 92. Ra2 Kd5 93. Kc3 Bd4+ 94. Kb3 Rb7+ 95. Kc2 Ke4 96. Kd2 Rc7 97. Ra4 Rh7 98. Kc2 Rh2+ 99. Kb3 Kd3 100. Kb4 Rb2+ 101. Ka5 Rb1 102. Ka6 Ke4 103. Ra5 Rb6+ 104. Ka7 Be3 105. Ka8 Kd4 106. Ra7 Kd5 107. Rb7 Ra6+ 108. Kb8 Bc5 109. Kc7 Rd6 110. Rb5 Rh6 111. Rb7 Rg6 112. Kd7 Bb6 113. Kc8 Kc6 114. Rc7+ Kb5 115. Rf7 Rd6 116. Rd7 Rc6+ 117. Kb7 Bc5 118. Rc7 Re6 119. Kc8 Bd6 120. Rb7+ Kc6 121. Rc7+ Kd5 122. Rd7 Re8+ 123. Rd8 Re1 124. Kd7 Re7+ 125. Kc8 Kc6 126. Rd7 Re1 127. Rd8 Re4 128. Rd7 Rh4 1/2-1/2

[Event "Moscow op-A 14th"]
[Site "Moscow"]
[Date "2018.01.30"]
[Round "4"]
[White "Vasilyev, Alexey1111"]
[Black "Marinskii, Yurii"]
[Result "0-1"]
[WhiteElo "1968"]
[BlackElo "2218"]
[PlyCount "80"]
[EventDate "2018.01.27"]
[EventType "swiss"]
[EventRounds "9"]
[EventCountry "RUS"]
[SourceTitle "CBM 182 Extra"]
[Source "ChessBase"]
[SourceDate "2018.02.23"]
[SourceVersion "1"]
[SourceVersionDate "2018.02.23"]
[SourceQuality "1"]

1. e4 c5 2. Nf3 g6 3. d4 cxd4 4. Nxd4 Nf6 5. Nc3 Nc6 6. Be3 Bg7 7. Bc4 0-0 8. Bb3 d6 9. f3 Nxd4 10. Bxd4 Be6 11. Qd2 Qa5 12. 0-0 Nd7 13. Bxg7 Kxg7 14. f4 Nf6 15. Kh1 Rac8 16. Qe3 Qc5 17. Qf3 b5 18. Rfe1 Bxb3 19. cxb3 b4 20. Na4 Qh5 21. e5 dxe5 22. fxe5 Qxf3 23. gxf3 Nd5 24. Rac1 Rxc1 25. Rxc1 Rd8 26. Kg1 g5 27. Nc5 Nf4 28. Rc2 Rd1+ 29. Kf2 Ra1 30. Ke3 Rxa2 31. Kd4 Kg6 32. Kc4 a5 33. Na4 Ra1 34. Kb5 Rf1 35. Kxa5 Nd5 36. Nb6 Nxb6 37. Kxb6 Rxf3 38. Kc5 Rxb3 39. Kc4 Re3 40. Kxb4 Rxe5 0-1

[Event "Moscow op-A 14th"]
[Site "Moscow"]
[Date "2018.01.29"]
[Round "3"]
[White "Marinskii, Yurii"]
[Black "Gubajdullin, Alexey"]
[Result "0-1"]
[WhiteElo "2218"]
[BlackElo "2389"]
[PlyCount "76"]
[EventDate "2018.01.27"]
[EventType "swiss"]
[EventRounds "9"]
[EventCountry "RUS"]
[SourceTitle "CBM 182 Extra"]
[Source "ChessBase"]
[SourceDate "2018.02.23"]
[SourceVersion "1"]
[SourceVersionDate "2018.02.23"]
[SourceQuality "1"]

1. e4 g6 2. d4 Bg7 3. Nc3 d6 4. Be3 a6 5. a4 Nf6 6. Be2 Nc6 7. h3 a5 8. d5 Nb4 9. Nf3 0-0 10. 0-0 c6 11. Bc4 Qc7 12. Bb3 Re8 13. Nd2 e6 14. dxc6 bxc6 15. Nc4 d5 16. exd5 exd5 17. Nb6 Rb8 18. Nxc8 Rbxc8 19. Bc5 Nd7 20. Be3 Qd6 21. Bg5 Nc5 22. Qd2 Qf8 23. f3 h6 24. Bh4 Nbd3 25. Rab1 Bd4+ 26. Kh1 Be3 27. Qd1 Nxb3 28. cxb3 Qb4 29. Qxd3 Qxh4 30. Rbe1 Bc5 31. Rxe8+ Rxe8 32. f4 Re3 33. Qxe3 Bxe3 34. Ne2 d4 35. f5 d3 36. Nc3 d2 37. fxg6 Qe1 38. gxf7+ Kf8 0-1

[Event "Moscow op-A 14th"]
[Site "Moscow"]
[Date "2018.01.27"]
[Round "1"]
[White "Marinskii, Yurii"]
[Black "Zakaryan, David"]
[Result "0-1"]
[WhiteElo "2218"]
[BlackElo "2420"]
[PlyCount "80"]
[EventDate "2018.01.27"]
[EventType "swiss"]
[EventRounds "9"]
[EventCountry "RUS"]
[SourceTitle "CBM 182 Extra"]
[Source "ChessBase"]
[SourceDate "2018.02.23"]
[SourceVersion "1"]
[SourceVersionDate "2018.02.23"]
[SourceQuality "1"]

1. e4 c5 2. Nc3 Nc6 3. g3 g6 4. Bg2 Bg7 5. d3 e6 6. f4 Nge7 7. Nf3 0-0 8. 0-0 d6 9. g4 f5 10. h3 b6 11. Re1 Qd7 12. Ng5 fxg4 13. hxg4 Bb7 14. Ne2 h6 15. Nf3 Rf7 16. c3 Raf8 17. Be3 d5 18. Qd2 d4 19. cxd4 Nxd4 20. Nfxd4 cxd4 21. Bf2 g5 22. f5 Ng6 23. Ng3 Nf4 24. Bf1 h5 25. fxe6 Qxe6 26. Nf5 hxg4 27. Bg3 Be5 28. Qd1 Rxf5 29. exf5 Qxf5 30. Qd2 Nh3+ 31. Bxh3 Bxg3 32. Rf1 gxh3 33. Rxf5 Rxf5 34. Re1 h2+ 35. Qxh2 Bxh2+ 36. Kxh2 Rf2+ 37. Kh3 Rxb2 38. Re7 Bc8+ 39. Kg3 Bf5 40. Rxa7 Rd2 0-1

[Event "Chigorin Memorial 25th"]
[Site "St Petersburg"]
[Date "2017.10.27"]
[Round "7"]
[White "Marinskii, Yurii"]
[Black "Ismagilov, Damir"]
[Result "0-1"]
[WhiteElo "2238"]
[BlackElo "2058"]
[PlyCount "98"]
[EventDate "2017.10.21"]
[EventType "swiss"]
[EventRounds "9"]
[EventCountry "RUS"]
[SourceTitle "CBM 181 Extra"]
[Source "ChessBase"]
[SourceDate "2017.12.12"]
[SourceVersion "1"]
[SourceVersionDate "2017.12.12"]
[SourceQuality "1"]

1. e4 c5 2. Nc3 Nc6 3. g3 g6 4. Bg2 Bg7 5. d3 d6 6. f4 e6 7. Nf3 Nge7 8. 0-0 0-0 9. Be3 Nd4 10. Qd2 Rb8 11. a4 b6 12. Nb5 Nxf3+ 13. Bxf3 Bxb2 14. Ra2 Bg7 15. Nxa7 Bd7 16. Rb1 Qc7 17. Nb5 Bxb5 18. Rxb5 Nc6 19. Rb1 Na7 20. f5 exf5 21. exf5 b5 22. a5 b4 23. a6 Nb5 24. Rf1 Rfe8 25. Bh6 Bc3 26. Qg5 Re5 27. Bb7 Bd4+ 28. Kg2 Rbe8 29. Qg4 Re2+ 30. Kh3 Nc3 31. Raa1 Rxc2 32. Qf3 d5 33. Rae1 Ree2 34. Rxe2 Nxe2 35. fxg6 hxg6 36. a7 Ng1+ 37. Rxg1 Qxb7 38. Re1 Qxa7 39. Re8+ Kh7 40. Rf8 Qd7+ 41. g4 Rf2 42. Qg3 Qe7 43. g5 Qe6+ 44. Kh4 Qf5 45. Qc7 Rf4+ 46. Qxf4 Qxf4+ 47. Kh3 Bg7 48. Rd8 Bxh6 49. gxh6 Qf3+ 0-1

[Event "Chigorin Memorial 25th"]
[Site "St Petersburg"]
[Date "2017.10.23"]
[Round "3"]
[White "Yakubboev, Nodirbek"]
[Black "Marinskii, Yurii"]
[Result "1-0"]
[WhiteElo "2437"]
[BlackElo "2238"]
[PlyCount "123"]
[EventDate "2017.10.21"]
[EventType "swiss"]
[EventRounds "9"]
[EventCountry "RUS"]
[SourceTitle "CBM 181 Extra"]
[Source "ChessBase"]
[SourceDate "2017.12.12"]
[SourceVersion "1"]
[SourceVersionDate "2017.12.12"]
[SourceQuality "1"]

1. e4 c5 2. Nf3 d6 3. d4 cxd4 4. Nxd4 Nf6 5. Nc3 g6 6. Be3 Bg7 7. f3 0-0 8. Qd2 d5 9. e5 Ne8 10. f4 f6 11. Nf3 Nc6 12. Qxd5+ Qxd5 13. Nxd5 fxe5 14. Nxe5 Bxe5 15. fxe5 e6 16. Nf6+ Nxf6 17. exf6 Rxf6 18. 0-0-0 e5 19. Bc4+ Kg7 20. Rd2 Bf5 21. Rhd1 Re8 22. Bg5 Nd4 23. Bxf6+ Kxf6 24. c3 Rc8 25. b3 b5 26. cxd4 bxc4 27. dxe5+ Kxe5 28. bxc4 Rxc4+ 29. Kb2 h5 30. Rc1 Rb4+ 31. Ka3 Rb6 32. Rc7 Ra6+ 33. Kb4 Kf4 34. Re7 Bc8 35. a4 Rb6+ 36. Kc5 Bb7 37. g3+ Kg4 38. Rd6 Rb2 39. Rxg6+ Kh3 40. Rh7 Bf3 41. Rxa7 Kxh2 42. a5 Bg4 43. a6 Kxg3 44. Rf7 Rc2+ 45. Kd4 Rd2+ 46. Kc3 Rd8 47. a7 Ra8 48. Kd4 Rh8 49. Rb6 Rd8+ 50. Kc5 Rc8+ 51. Kb4 Ra8 52. Rb8 Rxa7 53. Rxa7 h4 54. Rh8 h3 55. Rah7 Bf5 56. Rh6 Kg2 57. Kc3 Bd7 58. Kd2 Bf5 59. Ke3 Bd7 60. Rg6+ Kh1 61. Kf2 h2 62. Rg1# 1-0